Некогерентное фоторождение отрицательно-заряженного пи-мезона НА ВЭПП-3; Перспективы развития фундаментальных наук; Т. 1 : Физика

التفاصيل البيبلوغرافية
Parent link:Курзина, И. А. (химик ; 1972-). Перспективы развития фундаментальных наук=Prospects of Fundamental Sciences Development: сборник научных трудов XX Международной конференции студентов, аспирантов и молодых ученых, г. Томск, 25-28 апреля 2023 г..— .— Томск: Изд-во ТПУ, 2023
Т. 1 : Физика.— 2023.— С. 210-212
المؤلف الرئيسي: Кузьменко А. С.
مؤلف مشترك: Национальный исследовательский Томский политехнический университет Инженерная школа ядерных технологий Отделение экспериментальной физики
مؤلفون آخرون: Кузин М. Я. Матвей Ярославович (научный руководитель), Василишин Б. И. Богдан Иванович, Гаузштейн В. В. Вячеслав Валерьевич
الملخص:Заглавие с экрана
The work provides a description of the analysis of experimental statistics accumulated at the VEPP-3 in 2021. The measurements were performed at the VEPP-3 storage ring by using its internal deuterium-gas target featuring a tensor polarization with the aid of detection of two protons in coincidence. The experimental results obtained in this way are compared with their counterparts calculated theoretically
Текстовый файл
اللغة:الروسية
منشور في: 2023
الموضوعات:
الوصول للمادة أونلاين:http://earchive.tpu.ru/handle/11683/80802
التنسيق: الكتروني فصل الكتاب
KOHA link:https://koha.lib.tpu.ru/cgi-bin/koha/opac-detail.pl?biblionumber=672845

MARC

LEADER 00000naa2a2200000 4500
001 672845
005 20241101114011.0
090 |a 672845 
100 |a 20240529d2023 k||y0rusy50 ca 
101 0 |a rus 
102 |a RU 
135 |a drcn ---uucaa 
200 1 |a Некогерентное фоторождение отрицательно-заряженного пи-мезона НА ВЭПП-3  |f А. С. Кузьменко, М. Я. Кузин, Б. И. Василишин  |g науч. рук. В. В. Гаузштейн ; Исследовательская школа физики высокоэнергетических процессов НИ ТПУ  |d Incoherent negative pion photoproduction at VEPP-3  |z eng 
300 |a Заглавие с экрана 
320 |a Библиография: с. 212 
330 |a The work provides a description of the analysis of experimental statistics accumulated at the VEPP-3 in 2021. The measurements were performed at the VEPP-3 storage ring by using its internal deuterium-gas target featuring a tensor polarization with the aid of detection of two protons in coincidence. The experimental results obtained in this way are compared with their counterparts calculated theoretically  
336 |a Текстовый файл 
461 1 |0 636133  |t Перспективы развития фундаментальных наук  |l Prospects of Fundamental Sciences Development  |o сборник научных трудов XX Международной конференции студентов, аспирантов и молодых ученых, г. Томск, 25-28 апреля 2023 г.  |d 2023  |9 636133  |a Курзина, И. А. (химик ; 1972-)  |c Томск  |n Изд-во ТПУ 
463 1 |0 669915  |t Т. 1 : Физика  |v С. 210-212  |d 2023  |9 669915  |p 1 файл (75,9 MB, 442 с.)  |u conference_tpu-2023-C21_V1.pdf  |l Volume 1. Physics 
610 1 |a труды учёных ТПУ 
610 1 |a электронный ресурс 
610 1 |a фоторождение пи-мезона 
610 1 |a тензорно-поляризованный дейтрон 
610 1 |a ускорительно-накопительный комплекс 
610 1 |a ВЭПП-3 
610 1 |a нейтральный пион 
610 1 |a экспериментальные результаты 
610 1 |a электроны 
700 1 |a Кузьменко  |b А. С. 
701 1 |a Кузин  |b М. Я.  |c специалист в области ядерных технологий  |c инженер Томского политехнического университета  |f 1998-  |g Матвей Ярославович  |9 22852 
701 1 |a Василишин  |b Б. И.  |c инженер-физик  |c лаборант-исследователь Томского политехнического университета  |f 1990-  |g Богдан Иванович  |9 20215 
702 1 |a Гаузштейн  |b В. В.  |c специалист в области ядерных технологий  |c научный сотрудник Томского политехнического университета, кандидат физико-математических наук  |f 1983-  |g Вячеслав Валерьевич  |4 727 
712 0 2 |a Национальный исследовательский Томский политехнический университет  |b Инженерная школа ядерных технологий  |b Отделение экспериментальной физики  |9 28346 
801 0 |a RU  |b 63413507  |c 20240529  |g RCR 
856 4 |z http://earchive.tpu.ru/handle/11683/80802  |u http://earchive.tpu.ru/handle/11683/80802 
942 |c CF